000 00349nam a2200157Ia 4500
100 _aHa/Tri T
650 _aCommunication
942 _cBK
366 _f20
245 _aTheory and design of Digital communciation system
260 _bCambridge
_c2011
082 _a621.382
_bHA
300 _a634
546 _aENGLISH
_cPAMPHALETS
999 _c29078
_d29078